书目信息 |
| 题名: |
小麻雀之歌
|
|
| 作者: | 简单 著 | |
| 分册: | ||
| 出版信息: | 郑州 河南文艺出版社 2010.08 |
|
| 页数: | 151页 | |
| 开本: | 20cm | |
| 丛书名: | ||
| 单 册: | ||
| 中图分类: | I227 | |
| 科图分类: | ||
| 主题词: | 诗歌--中国 , 韵文--中国 | |
| 电子资源: | ||
| ISBN: | 7-80765-298-5 | |
| 000 | 00569nam0 2200205 450 | |
| 001 | 1356368213 | |
| 005 | 20130707085214.60 | |
| 010 | @a7-80765-298-5@dCNY20.00 | |
| 100 | @a20130706d2010 km y0chiy0120 ea | |
| 101 | 0 | @achi |
| 102 | @aCN@b410000 | |
| 200 | 1 | @a小麻雀之歌@Axiao ma que zhi ge@f简单著@Fjian dan zhu |
| 210 | @a郑州@c河南文艺出版社@d2010.08 | |
| 215 | @a151页@d20cm | |
| 606 | 0 | @a诗歌@x中国 |
| 606 | 0 | @a韵文@x中国 |
| 690 | @aI227@v4 | |
| 701 | 0 | @a简单@Ajian dan@4著 |
| 801 | 0 | @aCN@b大连网信软件有限公司图书馆·11@c20130707 |
| 905 | @aZUCC@dI227@eJ277 | |
| 小麻雀之歌/简单著.-郑州:河南文艺出版社,2010.08 |
| 151页;20cm |
| ISBN 7-80765-298-5:CNY20.00 |
| ● |
| 相关链接 |
|
|
|
正题名:小麻雀之歌
索取号:I227/J277
 
预约/预借
| 序号 | 登录号 | 条形码 | 馆藏地/架位号 | 状态 | 备注 |
| 1 | 491956 | 204919561 | 市政与环境工程学院资料室/400B社科库 26排4列4层/ [索取号:I227/J277] | 在馆 |